| 000 | 00923nam a2200277 i 4500 | ||
|---|---|---|---|
| 003 | EG-GICUC | ||
| 005 | 20260121160754.0 | ||
| 008 | 260121s1962 -ukad fr|||| 000 0 eng d | ||
| 040 |
_aEG-GiCUC _beng _cEG-GiCUC _dEG-GiCUC _erda |
||
| 041 | 0 | _aeng | |
| 082 | 0 | 4 |
_221 _a338.9 _bPR . C |
| 092 | 0 | 4 | _221 |
| 099 | _aLaw1 13 338.9 PR . C 1962 | ||
| 110 | 2 |
_aA Programme For Growth _eAuthor. |
|
| 245 | 1 | 2 |
_aA Computable Model Of Economic Growth, _n1 / _cA Programme For Growth. |
| 264 | 1 |
_aLondon : _bThe Department Of Applied Economics University Of Cambridge, _c1962. |
|
| 300 |
_a91 pages : _billustrations, _c24 cm. |
||
| 336 |
_2rda content _atext |
||
| 337 |
_2rda media _aComputer |
||
| 338 |
_2rda carrier _aOnline Resource |
||
| 546 | _aText in English | ||
| 650 | 1 | 4 | _aPublic finance and tax legislation |
| 856 | 4 | 0 | _uhttps://fll.law.cu.edu.eg/fulltext/bks/B13-07349.pdf |
| 905 | _a48 | ||
| 942 |
_2ddc _cBK _e21 _n0 |
||
| 999 |
_c58497 _d58497 |
||